| 000 | 00863nac a22002657a 4500 | ||
|---|---|---|---|
| 001 | BR9506189 | ||
| 003 | BR-BrBNA | ||
| 005 | 20240105121643.0 | ||
| 008 | 230509b bl.|||m| |||| 00| 0 por d | ||
| 040 |
_aBR-BrBNA _bpor _cBiblioteca Nacional de Agricultura |
||
| 072 | _aM12 | ||
| 090 | _a8110 BR9506189 | ||
| 100 | 1 | _aCyrino, J.E.P. | |
| 110 | 1 | _aEscola Superior de Agricultura Luiz de Queiroz, Piracicaba, SP (Brasil) | |
| 245 | 1 | _aConsideracoes gerais sobre a criacao de peixes carpa e tilapia | |
| 260 | 3 |
_aPiracicaba, SP (Brasil): _c1985. |
|
| 300 | _a21 p. | ||
| 490 |
_aInformativo Tecnico - Escola Superior de Agricultura Luiz de Queiroz (Brazil) _vno. 2 _x |
||
| 500 | _a8 ref.; 8 illus. | ||
| 650 | _aCarpa | ||
| 650 | _aTilapia Nilotica | ||
| 650 | _aCriacao | ||
| 909 |
_a202312 _bLúcia Elande _c55 _dLúcia Elande |
||
| 942 |
_2AGRIS _n0 _cMS |
||
| 999 |
_c286590 _d286590 |
||